00575nam a2200205 a 4500001001300000003000900013005001700022008004100039020001000080082001800090100002200108245001600130260003100146300000800177500003500185505009100220650001500311650002100326700002200347nice12345678IN_TiNIC20260116012200.0050524s1939 qada grp 000 0 urd  ac10000a294.5563bIBA aIbadullah, Giyani aArya Samaj. aQadianbTaraqi Islamc1939 a42p aincludes index and biblioraphy2 aalso contains nishan-e-asmani, asmani faisla siraj-e-munir and risala tuhfa-e-baghdad. aArya Samaj aHinduism-History1 aIbadullah, Giyani